000
00294nam a2200109Ia 4500
008
220204s9999 xx 000 0 und d
082
_a
339.5
_b
BHA
100
_a
BHATTACHARYA, Anindya K
245
0
_a
Foreign trade and international development
260
_a
London
_b
Lexington
_c
1976
942
_c
BK
999
_c
28024
_d
28024